• 首页
  • 本馆介绍
  • 公告通知
  • 最新文献
  • 馆藏检索
  • 电子资源
  • 读者导购
  • 参考咨询
  • 我的图书馆
  • 登录
  • 详细信息显示
  • 放入我的书架
  • 预约/预借图书
  • 作者相关作品
  • 分类相关作品
  • 丛书相关作品
  • 出版社相关作品

书目信息

  • 表格格式
  • 工作单格式
  • 卡片格式
题名:
劳动价值新论
    
 
作者: 赵振华 著
分册:  
出版信息: 上海   生活·读书·新知三联书店上海分店  2002
页数: 280页
开本: 22cm
丛书名: “三个代表”理论研究丛书
单 册:
中图分类: F014.2
科图分类:
主题词: 劳动--价值论--研究--中国
电子资源:
ISBN: 7-5426-1716-8
000 00655nam2 2200217 45
001 0406010984
005 20040601094020.8
010    @a7-5426-1716-8@dCNY18.00
100    @a20040601d2002 km y0chiy0120 ea
101 0  @achi
105    @a z 000yy
200 1  @a劳动价值新论@ALao Dong Jia Zhi Xin Lun@f赵振华著@FZhao Zhen Hua Zhu
210    @a上海@c生活·读书·新知三联书店上海分店@d2002
215    @a280页@d22cm
225    @a“三个代表”理论研究丛书
410    @12001 @a“三个代表”理论研究丛书
606 0  @a劳动@x价值论@x研究@y中国
690    @aF014.2@v4
701  0 @a赵振华@4著
801    @aCN@bTSTC@c20040601
905    @b334058-062@dF014.2@e176@f5
    
    劳动价值新论/赵振华著.-上海:生活·读书·新知三联书店上海分店,2002
    280页;22cm.-(“三个代表”理论研究丛书)
    
    
    ISBN 7-5426-1716-8:CNY18.00
    
●
相关链接 在E读中查询图书 在五车中查询图书 在当当中查询图书 在豆瓣中查询图书


正题名:劳动价值新论     索取号:F014.2/176         预约/预借

序号 登录号 条形码 馆藏地/架位号 状态 备注
1 0334058   203340580   第一借阅区/ [索取号:F014.2/176] 在馆    
2 0334059   203340599   第一借阅区/ [索取号:F014.2/176] 在馆    
3 0334060   203340606   第一借阅区/ [索取号:F014.2/176] 在馆    
4 0334061   203340615   第一借阅区/ [索取号:F014.2/176] 在馆    
5 0334062   203340624   第一样本阅览室/ [索取号:F014.2/176] 在馆    
唐山师范学院图书馆 欢迎您!
大连网信软件有限公司© 版权所有